গেরিলা থেকে সম্মুখ যুদ্ধে / (Record no. 671)
[ view plain ]
| 000 -LEADER | |
|---|---|
| fixed length control field | 00727nam a2200241 a 4500 |
| 001 - CONTROL NUMBER | |
| JCCL Control Number | 671 |
| 003 - CONTROL NUMBER IDENTIFIER | |
| JCCL marc code | BD-JhCC |
| 005 - DATE AND TIME OF LATEST TRANSACTION | |
| control field | 20171008184522.0 |
| 008 - FIXED-LENGTH DATA ELEMENTS--GENERAL INFORMATION | |
| fixed length control field | 171008s2008 bg ||||| |||| 00| 0 ben d |
| 020 ## - INTERNATIONAL STANDARD BOOK NUMBER | |
| International Standard Book Number | 9844650279 |
| 035 ## - SYSTEM CONTROL NUMBER | |
| system control number | (BD-JhCC)671 |
| 040 ## - CATALOGING SOURCE | |
| Original cataloging agency | BD-JhCC |
| Modifying agency | BD-JhCC |
| 041 ## - LANGUAGE CODE | |
| Language code of Book | eng |
| 082 ## - DEWEY DECIMAL CLASSIFICATION NUMBER | |
| DDC Edition number | 22 |
| Classification number | 954.9205 |
| Author mark and Year | ALM 2008 |
| 100 ## - MAIN ENTRY--PERSONAL NAME | |
| Personal name | আলম ,মাহবুব . |
| 245 ## - TITLE STATEMENT | |
| Title | গেরিলা থেকে সম্মুখ যুদ্ধে / |
| Statement of responsibility, etc | মাহবুব আলম , |
| 260 ## - PUBLICATION, DISTRIBUTION, ETC. (IMPRINT) | |
| Place of publication, distribution, etc | ঢাকা , |
| Name of publisher, distributor, etc | সাহিত্য প্রকাশ , |
| Date of publication, distribution, etc | ২০০৮ |
| 300 ## - PHYSICAL DESCRIPTION | |
| Pagination | 588p. ; |
| Dimensions | 22cm. |
| 650 ## - SUBJECT ADDED ENTRY--TOPICAL TERM | |
| Topical term or geographic name as entry element | Liberatin War 1971 |
| General subdivision | History |
| 651 ## - SUBJECT ADDED ENTRY--GEOGRAPHIC NAME | |
| Geographic name | Bangladesh |
| 942 ## - ADDED ENTRY ELEMENTS (KOHA) | |
| Source of classification or shelving scheme | Dewey Decimal Classification |
| Koha item type | Books |
| Source of classification or shelving scheme | volume number | Damaged status | Not for loan | Home library | Current library | Shelving location | Cost, normal purchase price | Total Checkouts | Full call number | Barcode | Date last seen | Copy number | Koha item type |
|---|---|---|---|---|---|---|---|---|---|---|---|---|---|
| Dewey Decimal Classification | V-2 | JCC Rouf Library | JCC Rouf Library | General Stacks | 450.00 | 954.9205 ALM 2008 | 144 | 10/08/2017 | C-1 | Books |